000 00647nam a2200217 a 4500
001 19027
003 CO-ViMGA
008 141112s2004 ck r 000 u spa d
020 _a8488876254
040 _aCO-ViMGA
_bspa
_cCO-ViMGA
082 0 4 _a618.1 F567q
100 1 _aFlorido Navio, Jesús
_927266
245 1 0 _a500 test comentados de enfermería maternal
260 _aMadrid :
_bOlalla; 1997
300 _a114 p.
490 _aAutoevaluación en enfermería
590 _aForma de adquisición : Proyecto 2005 - - Precio : 39.600
650 1 4 _aENFERMERIA GINECOLOGICA
_915055
650 1 4 _aENFERMERIA OBSTETRICA
_915056
942 _2ddc
_cBK
999 _c28214
_d28214